O Pioneers!
Novela de ficción histórica sobre los Bergson, una familia de inmigrantes sueco-estadounidenses en el campo cerca de la ciudad ficticia de Hanover, Nebraska, a principios del siglo XX. El personaje principal, Alexandra Bergson, quien hereda las tierras de cultivo de la familia cuando su padre muere,...
Guardado en:
| Hovedforfatter: | |
|---|---|
| Format: | Bog |
| Sprog: | Undetermined |
| Udgivet: |
Estados Unidos
Signet Classic
1989
|
| Fag: | |
| Tags: |
Tilføj Tag
Ingen Tags, Vær først til at tagge denne postø!
|
MARC
| LEADER | 00000nam a2200000Ia 4500 | ||
|---|---|---|---|
| 008 | 170316s9999 xx 000 0 und d | ||
| 040 | |a cru BVZT | ||
| 090 | |a 810 C-5.1o | ||
| 100 | |a Cather, Willa |9 782 | ||
| 245 | |a O Pioneers! |c / Willa Cather | ||
| 260 | |a Estados Unidos |b Signet Classic |c 1989 | ||
| 300 | |a 230 páginas | ||
| 520 | |a Novela de ficción histórica sobre los Bergson, una familia de inmigrantes sueco-estadounidenses en el campo cerca de la ciudad ficticia de Hanover, Nebraska, a principios del siglo XX. El personaje principal, Alexandra Bergson, quien hereda las tierras de cultivo de la familia cuando su padre muere, y dedica su vida a hacer de la granja una empresa viable. La historia se ve oscurecida por la pérdida, y la devoción de Alexandra por la tierra a costa del amor mismo. Este es un relato de conveniencia emocional y sacrificio personal, de vidas esclavizadas por la lealtad familiar y los rencores guardados durante mucho tiempo. | ||
| 650 | |a LITERATURA ESTADOUNIDENSE |9 25 | ||
| 650 | |a EN IDIOMA INGLÉS |9 129 | ||
| 650 | |a NOVELA HISTÓRICA |9 214 | ||
| 999 | |c 5526 |d 5526 | ||
| 942 | |c 15 D |h 810 C-5.1o |2 z | ||
